"Dominus Iesus" und die Religionen
| Main Author: | |
|---|---|
| Format: | Print Article |
| Language: | German |
| Check availability: | HBZ Gateway |
| Interlibrary Loan: | Interlibrary Loan for the Fachinformationsdienste (Specialized Information Services in Germany) |
| Published: |
2000
|
| In: |
Orientierung
Year: 2000, Volume: 64, Issue: 20, Pages: 213-215 |
| Standardized Subjects / Keyword chains: | B
Dominus Iesus
B Religious pluralism / Contextual theology / Holy See (motif) |
| IxTheo Classification: | CC Christianity and Non-Christian religion; Inter-religious relations FD Contextual theology KDB Roman Catholic Church |
| Further subjects: | B
Dialogue
B Pluralism B World Religions B Weltreligionen B Christology B church statements B Kirchliche Stellungnahme B Holy See (motif) B Catholic Church B Christianity |
MARC
| LEADER | 00000caa a22000002c 4500 | ||
|---|---|---|---|
| 001 | 596771673 | ||
| 003 | DE-627 | ||
| 005 | 20220705134503.0 | ||
| 007 | tu | ||
| 008 | 160405s2000 xx ||||| 00| ||ger c | ||
| 035 | |a (DE-627)596771673 | ||
| 035 | |a (DE-576)465381766 | ||
| 035 | |a (DE-599)GBV596771673 | ||
| 040 | |a DE-627 |b ger |c DE-627 |e rakwb | ||
| 041 | |a ger | ||
| 084 | |a 1 |2 ssgn | ||
| 100 | 1 | |0 (DE-588)135721199 |0 (DE-627)570566541 |0 (DE-576)300608489 |4 aut |a Klein, Nikolaus |d 1947- | |
| 109 | |a Klein, Nikolaus 1947- |a N. K. 1947- | ||
| 245 | 1 | 0 | |a "Dominus Iesus" und die Religionen |c N.K. |
| 264 | 1 | |c 2000 | |
| 336 | |a Text |b txt |2 rdacontent | ||
| 337 | |a ohne Hilfsmittel zu benutzen |b n |2 rdamedia | ||
| 338 | |a Band |b nc |2 rdacarrier | ||
| 601 | |a Religion | ||
| 650 | 4 | |a Dialog | |
| 650 | 4 | |a Christentum | |
| 650 | 4 | |a Weltreligionen | |
| 650 | 4 | |a Pluralismus | |
| 650 | 4 | |a Christologie | |
| 650 | 4 | |a Kirchliche Stellungnahme | |
| 650 | 4 | |a Katholische Kirche | |
| 650 | 4 | |a Dialogue | |
| 650 | 4 | |a Christianity | |
| 650 | 4 | |a World Religions | |
| 650 | 4 | |a Pluralism | |
| 650 | 4 | |a Christology | |
| 650 | 4 | |a church statements | |
| 650 | 4 | |a Catholic Church | |
| 652 | |a CC:FD:KDB | ||
| 689 | 0 | 0 | |d u |0 (DE-588)4653633-4 |0 (DE-627)334439264 |0 (DE-576)214692337 |a Dominus Iesus |2 gnd |
| 689 | 0 | |5 (DE-627) | |
| 689 | 1 | 0 | |d s |0 (DE-588)4296178-6 |0 (DE-627)104164549 |0 (DE-576)210985100 |2 gnd |a Religiöser Pluralismus |
| 689 | 1 | 1 | |d s |0 (DE-588)4204798-5 |0 (DE-627)105140627 |0 (DE-576)210164611 |2 gnd |a Kontextuelle Theologie |
| 689 | 1 | 2 | |d b |0 (DE-588)2009545-4 |0 (DE-627)101659261 |0 (DE-576)191644501 |2 gnd |a Katholische Kirche |
| 689 | 1 | |5 (DE-627) | |
| 773 | 0 | 8 | |i In |t Orientierung |d Zürich : Inst., 1947 |g 64(2000), 20, Seite 213-215 |w (DE-627)129302376 |w (DE-600)123402-X |w (DE-576)01449597X |x 0030-5502 |7 nnas |
| 773 | 1 | 8 | |g volume:64 |g year:2000 |g number:20 |g pages:213-215 |
| 787 | 0 | 8 | |i Bezugnahme auf |a [Dominus Iesus] - Erklärung Dominus / Benedikt <Papst,XVI.> |
| 935 | |a mteo | ||
| 935 | |i Blocktest | ||
| 951 | |a AR | ||
| ELC | |b 1 | ||
| ITA | |a 1 |t 1 | ||
| LOK | |0 000 xxxxxcx a22 zn 4500 | ||
| LOK | |0 001 3305736275 | ||
| LOK | |0 003 DE-627 | ||
| LOK | |0 004 596771673 | ||
| LOK | |0 005 20160405130033 | ||
| LOK | |0 008 160404||||||||||||||||ger||||||| | ||
| LOK | |0 040 |a DE-Tue135 |c DE-627 |d DE-Tue135 | ||
| LOK | |0 092 |o n | ||
| LOK | |0 852 |a DE-Tue135 | ||
| LOK | |0 852 1 |9 00 | ||
| LOK | |0 935 |a ixzs |a ixmi | ||
| LOK | |0 936ln |0 1442043806 |a CC | ||
| LOK | |0 936ln |0 1442049839 |a KDB | ||
| LOK | |0 936ln |0 1442044071 |a FD | ||
| LOK | |0 939 |a 04-04-16 |b l01 | ||
| ORI | |a SA-MARC-ixtheoa001.raw | ||
| STA | 0 | 0 | |a Christianity,Christian world view,World view,Christian ideology,Christology,Contextual theology,Dialogue,Dialogue,Dialogue,Dialog,Dialogue,Holy See (motif),Catholic church,Catholic Church,Catholic Church,Former pilgrimage church Saint Ottilia,Pluralism,Plurality,Pluralism,Religious pluralism,Religion,Pluralism |
| STB | 0 | 0 | |a Christianisme,Christianisme,Christologie,Dialogue,Dialogue,Dialogue,Dialogue,Pluralisme religieux,Pluralisme,Pluralisme (philosophie),Multipartisme,Saint-Siège (motif),Église catholique,Église catholique,Théologie contextuelle |
| STC | 0 | 0 | |a Cristianismo,Cristianismo,Cristiandad,Cristiandad,Cristiandad (Motivo),Cristiandad,Cristología,Diálogo,Diálogo,Diálogo,Diálogo,Movimiento juvenil católico,Pluralismo,Pluralismo religioso,Teología contextual |
| STD | 0 | 0 | |a Chiesa cattolica,Cristianesimo,Cristianesimo,Cristologia,Dialogo,Dialogo,Dialogo,Dialogo,Pluralismo,Pluralismo religioso,Teologia contestuale |
| STE | 0 | 0 | |a 基督教,基督教,基督教世界观,基督论,处境神学,场合神学,多元论,天主教会,罗马公教,宗教多元主义,宗教多元论,对话,对话 |
| STF | 0 | 0 | |a 基督教,基督教,基督教世界觀,基督論,多元論,天主教會,羅馬公教,宗教多元主義,宗教多元論,對話,對話,處境神學,場合神學 |
| STG | 0 | 0 | |a Cristianismo,Cristianismo,Cristandade,Cristandade,Cristandade (Motivo),Cristandade,Cristologia,Diálogo,Diálogo,Diálogo,Diálogo,Igreja católica,Pluralismo,Pluralismo religioso,Teologia contextual |
| STH | 0 | 0 | |a Диалог (мотив),Диалог (музыка),Диалог (литературный жанр),Диалог,Католическая церковь (мотив),Контекстуальное богословие,Плюрализм,Религиозный плюрализм,Христианство (мотив),Христианство,Христология |
| STI | 0 | 0 | |a Διάλογος (μοτίβο),Διάλογος (μουσική),Διάλογος (λογοτεχνικό είδος),Διάλογος,Θρησκευτικός πλουραλισμός,Καθολική Εκκλησία (μοτίβο),Πλουραλισμός,Συμφραστική θεολογία,Χριστιανισμός (μοτίβο),Χριστιανισμός,Χριστολογία |
| SYE | 0 | 0 | |a Mittelstandskongress,Kongress für den Mittelstand,Dialogue , Dialogliteratur,Zwiegespräch,Dialoge,Dialogue,Wechselrede , Christianity,Christliche Mission,Missionierung,Christenheit,Christianitas,Christliche Religion,Christliche Weltanschauung , Pluralität , Katolikus Egyház,RCC,Katoličeskaj Cerkovʹ,Katoličke Cerkve,Katolska Cyrkej,Katolske Kirke,Ecclesia Catholica,Igreja Católica,Römisch-Katholische Kirche,Katholikē Ekklēsia,Catholic Church,Roman Catholic Church,Eglise Catholique,Eglise Catholique Romaine,Chiesa Cattolica,Katholieke Kerk,Iglesia Católica,Katolické Církve,Kościoł Katolicki,Katoličke Crkve,Eglise catholique romaine,Chiesa cattolica romana,Roman catholic Church,Eglise catholique,Römische Kirche , Eglise catholique,Roman Catholic Church,Catholic Church , Ehemalige Wallfahrtskirche Sankt Ottilia |
| SYG | 0 | 0 | |a Erklärung Dominus Iesus,Erklärung Dominus Iesus über die Einzigkeit und die Heilsuniversalität Jesu Christi und der Kirche,Declaratio Dominus Jesus,Erklärung Dominus Jesus,Dominus Jesus , Religion,Religiöse Vielfalt , Katolikus Egyház,RCC,Katoličeskaj Cerkovʹ,Katoličke Cerkve,Katolska Cyrkej,Katolske Kirke,Ecclesia Catholica,Igreja Católica,Römisch-Katholische Kirche,Katholikē Ekklēsia,Catholic Church,Roman Catholic Church,Eglise Catholique,Eglise Catholique Romaine,Chiesa Cattolica,Katholieke Kerk,Iglesia Católica,Katolické Církve,Kościoł Katolicki,Katoličke Crkve,Eglise catholique romaine,Chiesa cattolica romana,Roman catholic Church,Eglise catholique,Römische Kirche , Eglise catholique,Roman Catholic Church,Catholic Church , Ehemalige Wallfahrtskirche Sankt Ottilia |